00616 a2200181 4500003000400000005001700004008004100021020001500062040000900077082001800086100003900104245005700143260003800200300000900238942004200247952012800289999001700417OSt20231222161155.0231222b |||||||| |||| 00| 0 eng d a8170557089 coclc a891.43bTRI/B aTripathi, Vashishta Narayan910197 aBHARTIYA LOKNATYA /cDr. Vashishtha Narayan Tripathi aNew Delhi:bVani Prakashanc2001. a140p 2ddccBKh891.43iTRI/Bk891.43mTRI/B 00102ddc40708LITaMESbMEScHINd2023-12-22l0o891.43 TRI/Bp43169r2023-12-22 16:13:27v150.00w2023-12-22yBKzGR6R4 c43535d43535